[Event "Titled Tuesday intern op 06th Sep Late"]
[Site "Chess.com INT"]
[Date "2022.09.06"]
[Round "2"]
[White "Gaisinsky, Adam"]
[Black "Onslow, Alfie"]
[Result "1-0"]
[WhiteElo "2115"]
[BlackElo "2115"]
[PlyCount "69"]
[EventDate "2022.09.06"]
[EventType "swiss (blitz)"]
[EventRounds "11"]
[EventCountry "USA"]
[SourceTitle "EXT 2023"]
[Source "ChessBase"]
[SourceDate "2022.10.05"]
[SourceVersion "1"]
[SourceVersionDate "2022.10.05"]
[SourceQuality "1"]

1. d4 Nf6 2. Nf3 c5 3. d5 b5 4. Bg5 Qb6 5. a4 b4 6. a5 Qc7 7. Bxf6 exf6 8. e4 d6 9. Nbd2 g6 10. Bd3 Bg7 11. h3 0-0 12. 0-0 Nd7 13. Nc4 Ne5 14. Nfxe5 fxe5 15. c3 bxc3 16. bxc3 f5 17. Rb1 f4 18. Be2 Bd7 19. Bg4 h5 20. Bxd7 Qxd7 21. a6 f3 22. Rb7 Qd8 23. g3 h4 24. g4 Bh6 25. Qa4 Rf4 26. Qd7 Qxd7 27. Rxd7 Rxe4 28. Nxd6 Re2 29. Rb1 e4 30. Nc4 Rf8 31. Rbb7 e3 32. Nxe3 Bxe3 33. Rg7+ Kh8 34. Rh7+ Kg8 35. Rbg7# 1-0

[Event "Titled Tuesday intern op 02nd Aug Early"]
[Site "Chess.com INT"]
[Date "2022.08.02"]
[Round "1"]
[White "Bortnyk, Olexandr"]
[Black "Gaisinsky, Adam"]
[Result "1-0"]
[WhiteElo "2604"]
[BlackElo "2115"]
[PlyCount "85"]
[EventDate "2022.08.02"]
[EventType "swiss (blitz)"]
[EventRounds "11"]
[EventCountry "USA"]
[SourceTitle "EXT 2023"]
[Source "ChessBase"]
[SourceDate "2022.10.05"]
[SourceVersion "1"]
[SourceVersionDate "2022.10.05"]
[SourceQuality "1"]

1. d4 Nf6 2. Nc3 d5 3. Bf4 e6 4. Nb5 Na6 5. e3 Be7 6. Nf3 0-0 7. Ne5 c6 8. Nc3 c5 9. Bxa6 bxa6 10. Nc6 Qe8 11. Nxe7+ Qxe7 12. 0-0 a5 13. Qf3 Bb7 14. Bg5 cxd4 15. exd4 h6 16. Bxf6 Qxf6 17. Qxf6 gxf6 18. Na4 Ba6 19. Rfe1 Rab8 20. Nc5 Bb5 21. a4 Bc6 22. b3 Kh7 23. Re3 Rb4 24. c3 Rbb8 25. f4 f5 26. Kf2 Rg8 27. Rae1 Rg4 28. g3 h5 29. Nd3 Rg7 30. Nc5 Rbg8 31. h4 Rb8 32. Rb1 Rgg8 33. b4 Rb6 34. b5 Be8 35. Re2 Kg7 36. Reb2 Kf6 37. Nb3 a6 38. Nxa5 axb5 39. axb5 Bd7 40. c4 dxc4 41. Nxc4 Rb7 42. b6 Bc6 43. Na5 1-0

[Event "Titled Tuesday intern op 02nd Aug Late"]
[Site "Chess.com INT"]
[Date "2022.08.02"]
[Round "6"]
[White "Gaisinsky, Adam"]
[Black "Fernandez Siles, Luis"]
[Result "0-1"]
[WhiteElo "2115"]
[BlackElo "2220"]
[PlyCount "64"]
[EventDate "2022.08.02"]
[EventType "swiss (blitz)"]
[EventRounds "11"]
[EventCountry "USA"]
[SourceTitle "EXT 2023"]
[Source "ChessBase"]
[SourceDate "2022.10.05"]
[SourceVersion "1"]
[SourceVersionDate "2022.10.05"]
[SourceQuality "1"]

1. d4 Nf6 2. Nf3 g6 3. c4 Bg7 4. Nc3 0-0 5. e4 d6 6. h3 c5 7. d5 e6 8. Bd3 Na6 9. 0-0 Nc7 10. Bf4 e5 11. Bg5 h6 12. Be3 Nh5 13. Qd2 Kh7 14. g4 Qf6 15. Ne1 Nf4 16. Bxf4 exf4 17. Ne2 f3 18. Nc3 h5 19. g5 Qe7 20. Nxf3 Bxh3 21. Rfe1 f6 22. Kh2 Bg4 23. Be2 Bxf3 24. Bxf3 fxg5 25. Bg2 Be5+ 26. Kg1 g4 27. Rab1 Qh4 28. b4 g3 29. f3 Qh2+ 30. Kf1 Rxf3+ 31. Bxf3 Qxd2 32. bxc5 Qf2# 0-1

[Event "Titled Tuesday intern op 02nd Aug Late"]
[Site "Chess.com INT"]
[Date "2022.08.02"]
[Round "1"]
[White "Makarian, Rudik"]
[Black "Gaisinsky, Adam"]
[Result "1-0"]
[WhiteElo "2533"]
[BlackElo "2115"]
[PlyCount "71"]
[EventDate "2022.08.02"]
[EventType "swiss (blitz)"]
[EventRounds "11"]
[EventCountry "USA"]
[SourceTitle "EXT 2023"]
[Source "ChessBase"]
[SourceDate "2022.10.05"]
[SourceVersion "1"]
[SourceVersionDate "2022.10.05"]
[SourceQuality "1"]

1. f4 d5 2. Nf3 g6 3. g3 Bg7 4. Bg2 Nd7 5. 0-0 e5 6. fxe5 Nxe5 7. Nxe5 Bxe5 8. Nc3 Ne7 9. d4 Bg7 10. Bg5 c6 11. e4 dxe4 12. Nxe4 Qxd4+ 13. Kh1 Qxd1 14. Raxd1 Be6 15. Nd6+ Kf8 16. Nxb7 h6 17. Nc5 Bg4 18. Bxe7+ Kxe7 19. Rde1+ Kd6 20. Nb7+ Kc7 21. Rxf7+ Kb6 22. Rxg7 Rhe8 23. Rxe8 Rxe8 24. h3 Re1+ 25. Kh2 Bf5 26. Nd6 Bxc2 27. g4 Re2 28. Kg3 Re3+ 29. Kf4 Rd3 30. Nc4+ Kc5 31. Ne5 Rd4+ 32. Ke3 Rd1 33. Rc7 Re1+ 34. Kd2 Rxe5 35. Rxc6+ Kd4 36. Rxc2 1-0

[Event "Titled Tuesday intern op 02nd Aug Late"]
[Site "Chess.com INT"]
[Date "2022.08.02"]
[Round "4"]
[White "Zanette, Edgard Vinicius"]
[Black "Gaisinsky, Adam"]
[Result "0-1"]
[WhiteElo "2115"]
[BlackElo "2115"]
[PlyCount "146"]
[EventDate "2022.08.02"]
[EventType "swiss (blitz)"]
[EventRounds "11"]
[EventCountry "USA"]
[SourceTitle "EXT 2023"]
[Source "ChessBase"]
[SourceDate "2022.10.05"]
[SourceVersion "1"]
[SourceVersionDate "2022.10.05"]
[SourceQuality "1"]

1. e4 e5 2. Nf3 Nc6 3. Bb5 a6 4. Ba4 Nf6 5. d3 b5 6. Bb3 Bc5 7. c3 0-0 8. 0-0 h6 9. a4 Rb8 10. axb5 axb5 11. Be3 Bxe3 12. fxe3 d5 13. exd5 Nxd5 14. Bxd5 Qxd5 15. e4 Qd6 16. Qe2 Rd8 17. Rd1 b4 18. h3 Ne7 19. d4 Ng6 20. Nbd2 Nf4 21. Qe3 Qg6 22. Nh4 Qg5 23. Qe1 Nxh3+ 24. Kh2 Nf4 25. Ndf3 Qh5 26. Kg1 Bg4 27. Nxe5 Bxd1 28. Qxd1 Qxh4 29. Nc6 Qg3 30. Qf1 Rd6 31. Nxb8 Rg6 32. Ra8 Nxg2 33. Nd7+ Kh7 34. Nf8+ Kg8 35. Nxg6+ Kh7 36. Nf8+ Kg8 37. Ng6+ Kh7 38. Qxg2 Qe1+ 39. Kh2 fxg6 40. cxb4 Qh4+ 41. Kg1 Qe1+ 42. Kh2 Qh4+ 43. Qh3 Qf2+ 44. Kh1 Qe1+ 45. Kg2 Qxe4+ 46. Qf3 Qc2+ 47. Kh3 h5 48. Rf8 Kh6 49. Qf4+ g5 50. Qf2 g4+ 51. Kg2 Qe4+ 52. Kh2 h4 53. Qf4+ Qxf4+ 54. Rxf4 Kh5 55. Re4 g5 56. Re5 g3+ 57. Kg2 Kg4 58. Rc5 h3+ 59. Kg1 Kf3 60. Rf5+ Kg4 61. Rf7 Kh4 62. b5 g4 63. b6 g2 64. Rg7 Kg3 65. Rh7 Kf3 66. bxc7 g3 67. Rf7+ Kg4 68. Rg7+ Kf3 69. Rh7 h2+ 70. Rxh2 gxh2+ 71. Kxh2 Kf2 72. c8Q g1Q+ 73. Kh3 Qg3# 0-1

[Event "Titled Tuesday intern op 26th Jul Early"]
[Site "Chess.com INT"]
[Date "2022.07.26"]
[Round "3"]
[White "Ernst, Sipke"]
[Black "Gaisinsky, Adam"]
[Result "1-0"]
[WhiteElo "2538"]
[BlackElo "2115"]
[PlyCount "61"]
[EventDate "2022.07.26"]
[EventType "swiss (blitz)"]
[EventRounds "11"]
[EventCountry "USA"]
[SourceTitle "EXT 2023"]
[Source "ChessBase"]
[SourceDate "2022.10.05"]
[SourceVersion "1"]
[SourceVersionDate "2022.10.05"]
[SourceQuality "1"]

1. d4 Nf6 2. c4 e6 3. Nc3 Bb4 4. a3 Bxc3+ 5. bxc3 c5 6. e3 0-0 7. Bd3 d6 8. Ne2 b6 9. 0-0 Bb7 10. f3 Nc6 11. e4 e5 12. d5 Na5 13. Ng3 Ba6 14. Bg5 h6 15. Bh4 g5 16. Nf5 Kh7 17. Bf2 Bc8 18. Ne3 Rg8 19. Kh1 Bd7 20. Qd2 Qe7 21. Rae1 Rg7 22. g4 Rh8 23. h4 Kg8 24. Kg2 h5 25. hxg5 Rxg5 26. Nf5 Rxf5 27. gxf5 h4 28. Kh2 Kf8 29. Rg1 Nh5 30. Qg5 Nf4 31. f6 1-0

[Event "Titled Tuesday intern op 26th Jul Late"]
[Site "Chess.com INT"]
[Date "2022.07.26"]
[Round "2"]
[White "Gaisinsky, Adam"]
[Black "Ardila, Oscar Humberto"]
[Result "0-1"]
[WhiteElo "2115"]
[BlackElo "2019"]
[PlyCount "90"]
[EventDate "2022.07.26"]
[EventType "swiss (blitz)"]
[EventRounds "11"]
[EventCountry "USA"]
[SourceTitle "EXT 2023"]
[Source "ChessBase"]
[SourceDate "2022.10.05"]
[SourceVersion "1"]
[SourceVersionDate "2022.10.05"]
[SourceQuality "1"]

1. d4 Nf6 2. Nf3 g6 3. c4 Bg7 4. Nc3 0-0 5. e4 d6 6. h3 Nbd7 7. Be3 e5 8. d5 a5 9. g4 Nc5 10. Nd2 Ne8 11. h4 f5 12. gxf5 gxf5 13. exf5 Bxf5 14. Bxc5 dxc5 15. Nde4 Nd6 16. Bd3 Kh8 17. Qd2 Qe7 18. 0-0-0 b6 19. Rdg1 Bxe4 20. Nxe4 Rf4 21. Nxd6 cxd6 22. Kb1 Bh6 23. Qc2 Raf8 24. Rg2 e4 25. Bf1 Bg7 26. Rhg1 Bd4 27. Rg4 Rxg4 28. Rxg4 Rxf2 29. Qd1 Rxb2+ 30. Kc1 Rxa2 31. Qb3 Rf2 32. Bg2 e3 33. Qxb6 Rf8 34. Bf3 e2 35. Bxe2 Qxe2 36. Rf4 Qe3+ 37. Kb1 Qxf4 38. Ka2 Qd2+ 39. Ka3 Qb4+ 40. Qxb4 axb4+ 41. Ka4 Rb8 42. h5 b3 43. h6 b2 44. Ka3 b1Q 45. Ka4 Qa2# 0-1

[Event "Titled Tuesday intern op 26th Jul Early"]
[Site "Chess.com INT"]
[Date "2022.07.26"]
[Round "6"]
[White "Gaisinsky, Adam"]
[Black "Langner, Ladislav"]
[Result "0-1"]
[WhiteElo "2115"]
[BlackElo "2367"]
[PlyCount "66"]
[EventDate "2022.07.26"]
[EventType "swiss (blitz)"]
[EventRounds "11"]
[EventCountry "USA"]
[SourceTitle "EXT 2023"]
[Source "ChessBase"]
[SourceDate "2022.10.05"]
[SourceVersion "1"]
[SourceVersionDate "2022.10.05"]
[SourceQuality "1"]

1. d4 Nf6 2. Nf3 g6 3. c4 Bg7 4. Nc3 d5 5. cxd5 Nxd5 6. e4 Nxc3 7. bxc3 c5 8. Be3 Bg4 9. Qd2 cxd4 10. cxd4 Nc6 11. Rb1 Bxf3 12. gxf3 Nxd4 13. Bxd4 Bxd4 14. Rxb7 0-0 15. Be2 Bxf2+ 16. Kd1 Bd4 17. Bc4 Rc8 18. Bd5 e6 19. Qxd4 exd5 20. exd5 Qg5 21. Qd2 Qf5 22. Rf1 Rfd8 23. Rb5 a6 24. Ra5 Rb8 25. Ke1 Qf6 26. Rf2 Rb1+ 27. Ke2 Rb2 28. Kd3 Rxd2+ 29. Rxd2 Qxf3+ 30. Kc4 Qf4+ 31. Kb3 Rb8+ 32. Kc2 Qc4+ 33. Kd1 Rb1# 0-1

[Event "Titled Tuesday intern op 26th Jul Late"]
[Site "Chess.com INT"]
[Date "2022.07.26"]
[Round "5"]
[White "Gaisinsky, Adam"]
[Black "Madaminov, Mukhiddin"]
[Result "0-1"]
[WhiteElo "2115"]
[BlackElo "2408"]
[PlyCount "116"]
[EventDate "2022.07.26"]
[EventType "swiss (blitz)"]
[EventRounds "11"]
[EventCountry "USA"]
[SourceTitle "EXT 2023"]
[Source "ChessBase"]
[SourceDate "2022.10.05"]
[SourceVersion "1"]
[SourceVersionDate "2022.10.05"]
[SourceQuality "1"]

1. d4 Nf6 2. Nf3 g6 3. c4 Bg7 4. Nc3 d5 5. cxd5 Nxd5 6. e4 Nxc3 7. bxc3 c5 8. Be3 Qa5 9. Qd2 cxd4 10. cxd4 Qxd2+ 11. Kxd2 0-0 12. h4 Nc6 13. e5 Be6 14. h5 Rfd8 15. Bd3 Bd5 16. h6 Bxf3 17. gxf3 Bxe5 18. Rab1 Bxd4 19. Rxb7 Ne5 20. Be4 f5 21. Bxd4 Rxd4+ 22. Ke3 Rad8 23. Bb1 f4+ 24. Ke2 Rd2+ 25. Kf1 Rd1+ 26. Kg2 Rxh1 27. Kxh1 Kf7 28. Be4 Rd7 29. Rb5 Kf6 30. Ra5 Nf7 31. Ra6+ Kg5 32. Kg2 Nxh6 33. a4 Nf7 34. Ra5+ Kf6 35. Ra6+ Nd6 36. Rc6 Ke5 37. Rc5+ Kf6 38. Rc6 e6 39. Bc2 Nf7 40. Bb3 Re7 41. a5 Ne5 42. Rd6 g5 43. a6 h5 44. Rd8 Ng6 45. Bc2 Nh4+ 46. Kg1 Nxf3+ 47. Kg2 Ne1+ 48. Kf1 Nxc2 49. Rf8+ Ke5 50. Rh8 h4 51. Rg8 Kf5 52. Rb8 e5 53. Rb7 Re6 54. Rxa7 Nd4 55. Ra8 Kg4 56. a7 Ra6 57. Kg2 f3+ 58. Kh2 Nc6 0-1

[Event "Titled Tuesday intern op 26th Jul Late"]
[Site "Chess.com INT"]
[Date "2022.07.26"]
[Round "4"]
[White "Ovezdurdiyeva, Jemal"]
[Black "Gaisinsky, Adam"]
[Result "0-1"]
[WhiteElo "2061"]
[BlackElo "2115"]
[PlyCount "86"]
[EventDate "2022.07.26"]
[EventType "swiss (blitz)"]
[EventRounds "11"]
[EventCountry "USA"]
[SourceTitle "EXT 2023"]
[Source "ChessBase"]
[SourceDate "2022.10.05"]
[SourceVersion "1"]
[SourceVersionDate "2022.10.05"]
[SourceQuality "1"]

1. e4 e5 2. Nf3 Nc6 3. Bb5 a6 4. Ba4 Nf6 5. 0-0 Be7 6. c3 Nxe4 7. Re1 Nc5 8. Bxc6 dxc6 9. Nxe5 Nd3 10. Nxd3 Qxd3 11. Re3 Qg6 12. d4 Be6 13. Rg3 Qf5 14. Nd2 0-0-0 15. Qf3 Bf6 16. Nb3 Rhe8 17. Bg5 Qxf3 18. gxf3 Bxg5 19. Rxg5 g6 20. Kg2 Bd5 21. Nc5 f6 22. Rg3 Re2 23. b3 Bf7 24. Ne4 f5 25. Ng5 Bg8 26. f4 Rde8 27. Nf3 Rc2 28. Ne5 Bd5+ 29. Kf1 a5 30. Re3 a4 31. bxa4 b6 32. Ke1 Kb7 33. a3 Ra8 34. Nd3 Rxa4 35. Nb4 Rb2 36. Re7 Bc4 37. Rxh7 c5 38. dxc5 bxc5 39. Rg7 cxb4 40. cxb4 Re2+ 41. Kd1 Rxf2 42. Rxg6 Rf1+ 43. Kc2 Rxa1 0-1

[Event "Titled Tuesday intern op 26th Jul Late"]
[Site "Chess.com INT"]
[Date "2022.07.26"]
[Round "1"]
[White "Paravyan, David"]
[Black "Gaisinsky, Adam"]
[Result "1-0"]
[WhiteElo "2620"]
[BlackElo "2115"]
[PlyCount "41"]
[EventDate "2022.07.26"]
[EventType "swiss (blitz)"]
[EventRounds "11"]
[EventCountry "USA"]
[SourceTitle "EXT 2023"]
[Source "ChessBase"]
[SourceDate "2022.10.05"]
[SourceVersion "1"]
[SourceVersionDate "2022.10.05"]
[SourceQuality "1"]

1. e4 e5 2. Nf3 Nc6 3. Nc3 Nf6 4. d4 exd4 5. Nxd4 Bb4 6. Nxc6 bxc6 7. Bd3 d5 8. exd5 0-0 9. 0-0 Bg4 10. f3 Bh5 11. Bg5 cxd5 12. Bxf6 Qxf6 13. Nxd5 Qxb2 14. Rb1 Bc5+ 15. Kh1 Qxa2 16. Rb5 Bd6 17. Nc3 Qa3 18. Nb1 Bxf3 19. Qxf3 Qa4 20. Nc3 Qh4 21. Rh5 1-0

[Event "Titled Tuesday intern op 19th Jul Late"]
[Site "Chess.com INT"]
[Date "2022.07.19"]
[Round "1"]
[White "Gokerkan, Cem Kaan"]
[Black "Gaisinsky, Adam"]
[Result "1-0"]
[WhiteElo "2465"]
[BlackElo "2115"]
[PlyCount "53"]
[EventDate "2022.07.19"]
[EventType "swiss (blitz)"]
[EventRounds "11"]
[EventCountry "USA"]
[SourceTitle "EXT 2023"]
[Source "ChessBase"]
[SourceDate "2022.10.05"]
[SourceVersion "1"]
[SourceVersionDate "2022.10.05"]
[SourceQuality "1"]

1. e4 e5 2. Nc3 Nf6 3. f4 d5 4. fxe5 Nxe4 5. Qf3 f5 6. d3 Nxc3 7. bxc3 d4 8. Be2 dxc3 9. Qg3 Be6 10. Nf3 Nc6 11. Rb1 Bxa2 12. Rxb7 Bd5 13. 0-0 Nd4 14. Nxd4 Bxb7 15. Bh5+ Kd7 16. Rxf5 Bc5 17. e6+ Kc8 18. Rxc5 Qxd4+ 19. Be3 Qd8 20. e7 Qxe7 21. Bg4+ Kb8 22. Rxc7 Qxe3+ 23. Qxe3 Kxc7 24. Qc5+ Kd8 25. Qd6+ Ke8 26. Qd7+ Kf8 27. Be6 1-0

[Event "Titled Tuesday intern op 05th Jul Early"]
[Site "Chess.com INT"]
[Date "2022.07.05"]
[Round "2"]
[White "Gaisinsky, Adam"]
[Black "Quirke, Jeffrey"]
[Result "1-0"]
[WhiteElo "2115"]
[BlackElo "2048"]
[PlyCount "59"]
[EventDate "2022.07.05"]
[EventType "swiss (blitz)"]
[EventRounds "11"]
[EventCountry "USA"]
[SourceTitle "CBM 209 Extra"]
[Source "ChessBase"]
[SourceDate "2022.09.30"]
[SourceVersion "1"]
[SourceVersionDate "2022.09.30"]
[SourceQuality "1"]

1. d4 d5 2. Nf3 c5 3. c3 Nf6 4. Bf4 e6 5. e3 Nc6 6. Nbd2 Nh5 7. Bg5 f6 8. Bh4 g6 9. Bd3 cxd4 10. cxd4 Be7 11. 0-0 0-0 12. Re1 Bd7 13. e4 Nf4 14. Bf1 dxe4 15. Nxe4 Nd5 16. Nc5 Bxc5 17. dxc5 Qa5 18. Rc1 Qxa2 19. Bc4 Qxb2 20. Bxd5 exd5 21. Qxd5+ Rf7 22. Rb1 Qc2 23. Rxb7 Qf5 24. Qc4 Kg7 25. Bg3 Rc8 26. Qc3 h5 27. Bd6 g5 28. h4 g4 29. Ng5 Be6 30. Nxe6+ 1-0

[Event "Titled Tuesday intern op 05th Jul Early"]
[Site "Chess.com INT"]
[Date "2022.07.05"]
[Round "4"]
[White "Gaisinsky, Adam"]
[Black "Sanchez, Roberto Daniel"]
[Result "1-0"]
[WhiteElo "2115"]
[BlackElo "1966"]
[PlyCount "63"]
[EventDate "2022.07.05"]
[EventType "swiss (blitz)"]
[EventRounds "11"]
[EventCountry "USA"]
[SourceTitle "CBM 209 Extra"]
[Source "ChessBase"]
[SourceDate "2022.09.30"]
[SourceVersion "1"]
[SourceVersionDate "2022.09.30"]
[SourceQuality "1"]

1. d4 d5 2. Nf3 e6 3. Bf4 Nf6 4. e3 Be7 5. Nbd2 0-0 6. Ne5 Nbd7 7. Bd3 Nxe5 8. dxe5 Nd7 9. Qf3 c5 10. c3 f6 11. Qh3 f5 12. g4 g6 13. gxf5 exf5 14. Rg1 Nb6 15. Nf3 Be6 16. 0-0-0 d4 17. exd4 Nd5 18. Ng5 Bxg5 19. Bxg5 Qc7 20. c4 cxd4 21. Kb1 Nb4 22. Bf6 Qf7 23. Bxf5 Bxf5+ 24. Qxf5 Rae8 25. Rxd4 Rxe5 26. Qxe5 Qxf6 27. Qxf6 Rxf6 28. Rd7 Rxf2 29. Re1 Kf8 30. Rxb7 a5 31. a3 Nd3 32. Rd1 1-0

[Event "Titled Tuesday intern op 05th Jul Early"]
[Site "Chess.com INT"]
[Date "2022.07.05"]
[Round "8"]
[White "Gaisinsky, Adam"]
[Black "Schut, Han"]
[Result "1-0"]
[WhiteElo "2115"]
[BlackElo "2101"]
[PlyCount "71"]
[EventDate "2022.07.05"]
[EventType "swiss (blitz)"]
[EventRounds "11"]
[EventCountry "USA"]
[SourceTitle "CBM 209 Extra"]
[Source "ChessBase"]
[SourceDate "2022.09.30"]
[SourceVersion "1"]
[SourceVersionDate "2022.09.30"]
[SourceQuality "1"]

1. d4 Nf6 2. Nf3 g6 3. c4 Bg7 4. Nc3 d5 5. Bf4 0-0 6. Rc1 dxc4 7. e3 c5 8. Bxc4 Qa5 9. 0-0 cxd4 10. exd4 Qh5 11. Ne5 Nc6 12. Re1 Qxd1 13. Rcxd1 e6 14. h3 Rd8 15. Nxc6 bxc6 16. Be5 Nd5 17. Ne4 f6 18. Bxd5 fxe5 19. Bxc6 Rb8 20. dxe5 Rxd1 21. Rxd1 Bxe5 22. b3 Bb7 23. Bxb7 Rxb7 24. Nc5 Re7 25. Rd7 Rxd7 26. Nxd7 Bd4 27. Kf1 Kf7 28. Ke2 Ke7 29. Nb8 Kd6 30. Na6 Bc3 31. Kd3 Be1 32. f3 Kc6 33. Kc4 e5 34. Nc5 Bf2 35. Nd3 Kd6 36. Nxf2 1-0

[Event "Titled Tuesday intern op 05th Jul Early"]
[Site "Chess.com INT"]
[Date "2022.07.05"]
[Round "3"]
[White "Leiva Rodriguez, Jeammarco Giuseppe"]
[Black "Gaisinsky, Adam"]
[Result "1-0"]
[WhiteElo "2389"]
[BlackElo "2115"]
[PlyCount "145"]
[EventDate "2022.07.05"]
[EventType "swiss (blitz)"]
[EventRounds "11"]
[EventCountry "USA"]
[SourceTitle "CBM 209 Extra"]
[Source "ChessBase"]
[SourceDate "2022.09.30"]
[SourceVersion "1"]
[SourceVersionDate "2022.09.30"]
[SourceQuality "1"]

1. e4 e5 2. Nf3 Nc6 3. Bc4 Nf6 4. d3 Bc5 5. 0-0 a6 6. c3 d6 7. Re1 Ba7 8. Bb3 0-0 9. h3 h6 10. Nbd2 Re8 11. Nf1 Be6 12. Bc2 d5 13. exd5 Bxd5 14. Ng3 Qd6 15. Nh4 Ne7 16. a4 Rad8 17. a5 Be6 18. Qf3 Qd5 19. Ne4 Nh7 20. Qg3 Kh8 21. b4 Nf5 22. Nxf5 Bxf5 23. Rb1 c6 24. Qf3 Bg6 25. Qg3 Bb8 26. Be3 f5 27. Qxg6 fxe4 28. Qxe4 Nf6 29. Qxd5 Nxd5 30. Bd2 Ba7 31. Re2 Rf8 32. Rbe1 Bb8 33. Bb3 Nf4 34. Bxf4 exf4 35. Bc4 f3 36. gxf3 Rxf3 37. Re8+ Rf8 38. Rxf8+ Rxf8 39. Re7 Ba7 40. Re2 Kh7 41. Kg2 Kg6 42. f3 Kf6 43. Re6+ Kf5 44. Re7 Rf6 45. Rxg7 Rg6+ 46. Rxg6 Kxg6 47. d4 Kf6 48. f4 Bb8 49. Kf3 Bc7 50. Ke4 Bd6 51. Be2 Bc7 52. Bg4 b6 53. axb6 Bxb6 54. Bd7 a5 55. Bxc6 axb4 56. cxb4 Ke6 57. Bd5+ Kd6 58. Bb3 Bd8 59. Bd1 Bf6 60. b5 Kc7 61. Kd5 Kb6 62. Kc4 Be7 63. f5 Bf6 64. Bf3 Bd8 65. Bc6 Bf6 66. Kd5 Be7 67. Ke5 Kc7 68. f6 Bd6+ 69. Ke6 Bb4 70. d5 Bc5 71. f7 Bf8 72. Kf6 Kd6 73. b6 1-0

[Event "Titled Tuesday intern op 05th Jul Early"]
[Site "Chess.com INT"]
[Date "2022.07.05"]
[Round "9"]
[White "Tikhonov, Viacheslav"]
[Black "Gaisinsky, Adam"]
[Result "1-0"]
[WhiteElo "2207"]
[BlackElo "2115"]
[PlyCount "121"]
[EventDate "2022.07.05"]
[EventType "swiss (blitz)"]
[EventRounds "11"]
[EventCountry "USA"]
[SourceTitle "CBM 209 Extra"]
[Source "ChessBase"]
[SourceDate "2022.09.30"]
[SourceVersion "1"]
[SourceVersionDate "2022.09.30"]
[SourceQuality "1"]

1. d4 Nf6 2. c4 e6 3. g3 d5 4. Bg2 Be7 5. Nf3 0-0 6. 0-0 dxc4 7. Qc2 b5 8. a4 b4 9. Nfd2 Nd5 10. Nxc4 Ba6 11. Rd1 c5 12. dxc5 Nd7 13. Ne3 Rc8 14. c6 Ne5 15. Nxd5 exd5 16. Bxd5 Nxc6 17. Qe4 Bf6 18. Bxf7+ Rxf7 19. Rxd8+ Rxd8 20. Nd2 Nd4 21. Nf3 Nxf3+ 22. Qxf3 Bd4 23. Bf4 Bxb2 24. Rb1 Bc3 25. Qc6 Bb7 26. Qc4 Rc8 27. Qe6 Kf8 28. Bd6+ Kg8 29. f3 a5 30. Kg2 Bf6 31. Qf5 Rd8 32. Bf4 Re7 33. Qxa5 Rxe2+ 34. Kh3 Bc8+ 35. g4 Rd3 36. Kg3 Bb7 37. Rf1 g5 38. Bxg5 Be5+ 39. Bf4 Bxf4+ 40. Kxf4 Rd4+ 41. Kg3 Rdd2 42. Qg5+ Kf8 43. Qf5+ Kg8 44. Qb5 Rg2+ 45. Kf4 Rd4+ 46. Ke3 Rgd2 47. Qxb7 R2d3+ 48. Ke2 Rd2+ 49. Ke3 R2d3+ 50. Kf2 Rd2+ 51. Kg3 Re2 52. Qb5 Rdd2 53. Qg5+ Kf8 54. Qf5+ Kg8 55. Qc8+ Kg7 56. Qb7+ Kg8 57. Qxb4 Rxh2 58. Kf4 Rhe2 59. Qc4+ Kg7 60. Rb1 Rd7 61. Qxe2 1-0

[Event "Titled Tuesday intern op 28th Jun Late"]
[Site "Chess.com INT"]
[Date "2022.06.28"]
[Round "1"]
[White "Diaz Rosas, Julio Cesar"]
[Black "Gaisinsky, Adam"]
[Result "1-0"]
[WhiteElo "2328"]
[BlackElo "2115"]
[PlyCount "55"]
[EventDate "2022.06.28"]
[EventType "swiss (blitz)"]
[EventRounds "11"]
[EventCountry "USA"]
[SourceTitle "CBM 209 Extra"]
[Source "ChessBase"]
[SourceDate "2022.09.30"]
[SourceVersion "1"]
[SourceVersionDate "2022.09.30"]
[SourceQuality "1"]

1. d4 Nf6 2. c4 e6 3. Nc3 Bb4 4. a3 Bxc3+ 5. bxc3 d5 6. e3 0-0 7. Bd3 dxc4 8. Bxc4 c5 9. Ne2 Qc7 10. Bd3 b6 11. 0-0 Bb7 12. Ng3 Nbd7 13. e4 cxd4 14. cxd4 e5 15. Nf5 exd4 16. Qf3 Rac8 17. Bf4 Qd8 18. Rfe1 Nc5 19. Bg5 Nxd3 20. Qxd3 Rc3 21. Qd1 h6 22. Bh4 Kh7 23. Nxd4 g5 24. Bg3 Bxe4 25. Be5 Bg6 26. Ne6 fxe6 27. Qxd8 Rxd8 28. Bxf6 1-0

[Event "Titled Tuesday intern op 21st Jun Late"]
[Site "Chess.com INT"]
[Date "2022.06.21"]
[Round "3"]
[White "Roque Sola, Gisela"]
[Black "Gaisinsky, Adam"]
[Result "0-1"]
[WhiteElo "2049"]
[BlackElo "2115"]
[PlyCount "84"]
[EventDate "2022.06.21"]
[EventType "swiss (blitz)"]
[EventRounds "11"]
[EventCountry "USA"]
[SourceTitle "EXT 2023"]
[Source "ChessBase"]
[SourceDate "2022.10.05"]
[SourceVersion "1"]
[SourceVersionDate "2022.10.05"]
[SourceQuality "1"]

1. c4 Nf6 2. g3 e6 3. Bg2 d5 4. Nf3 d4 5. d3 c5 6. 0-0 Nc6 7. a3 Bd6 8. e3 e5 9. e4 h6 10. Ne1 g5 11. Nc2 Be6 12. Nd2 Qd7 13. Rb1 a5 14. b3 Bh3 15. Ne1 Bg4 16. f3 Bh3 17. Qe2 0-0-0 18. Nc2 Rdg8 19. Bxh3 Qxh3 20. Qg2 Qe6 21. b4 axb4 22. axb4 cxb4 23. Nb3 Qe7 24. Ra1 Kc7 25. Bd2 Ra8 26. Qe2 Nd7 27. Rfb1 Nb6 28. Qe1 Na4 29. Nc1 Nc3 30. Bxc3 dxc3 31. Nb3 Bc5+ 32. Nxc5 Qxc5+ 33. Kg2 Rxa1 34. Rxa1 b3 35. Qxc3 bxc2 36. Qxc2 Rd8 37. Qc3 Qd4 38. Qxd4 Rxd4 39. Ra3 Nb4 40. Kf2 Nxd3+ 41. Ke3 Nb2 42. Ra5 Nxc4+ 0-1

[Event "Titled Tuesday intern op 14th Jun Late"]
[Site "Chess.com INT"]
[Date "2022.06.14"]
[Round "5"]
[White "Gaisinsky, Adam"]
[Black "Petrovic, Aleksa"]
[Result "1-0"]
[WhiteElo "2115"]
[BlackElo "2230"]
[PlyCount "65"]
[EventDate "2022.06.14"]
[EventType "swiss (blitz)"]
[EventRounds "11"]
[EventCountry "USA"]
[SourceTitle "EXT 2023"]
[Source "ChessBase"]
[SourceDate "2022.10.05"]
[SourceVersion "1"]
[SourceVersionDate "2022.10.05"]
[SourceQuality "1"]

1. d4 Nf6 2. Nf3 e6 3. Bf4 b6 4. Nbd2 Bb7 5. e3 c5 6. Nc4 cxd4 7. exd4 d6 8. Bd3 Be7 9. h3 0-0 10. 0-0 Qc7 11. a4 Nc6 12. c3 Ba6 13. Qe2 Rfd8 14. b4 Nd5 15. Bd2 Bb7 16. Rfb1 Rac8 17. b5 Nb8 18. a5 bxa5 19. Rxa5 Nxc3 20. Bxc3 d5 21. Rxa7 dxc4 22. Be4 Bxe4 23. Rxc7 Bxb1 24. Rxe7 Bd3 25. Qe3 Nd7 26. Ne5 Nxe5 27. Qxe5 Rd5 28. Qe3 Rxb5 29. Rxe6 Rbb8 30. Re7 Kf8 31. d5 f6 32. Qe6 Bg6 33. Bxf6 1-0